000
00256nam a2200097Ia 4500
008
230605s9999 xx 000 0 und d
041
_a
eng
100
_a
Khandge
245
_a
Womens Literature in Indian Languages (1850 to 2000 ) Vol- II
650
_a
G.SKILL
999
_c
417723
_d
417723